[Event "Landsturneringen 2009, Elite"]
[Site "Bergen"]
[Date "2009.07.06"]
[Round "3"]
[White "Gullaksen, Eirik"]
[Black "Thomassen, Joachim"]
[Result "1/2-1/2"]
[WhiteElo "2382"]
[BlackElo "2307"]
[PlyCount "44"]
[EventDate "2009.07.??"]
[EventType "swiss"]
[EventRounds "9"]
[EventCountry "NOR"]

1. e4 c5 2. Nf3 d6 3. d4 cxd4 4. Nxd4 Nf6 5. Nc3 a6 6. Bc4 e6 7. O-O b5 8. Bb3
Be7 9. Qf3 Qb6 10. Bg5 Nbd7 11. Rad1 O-O 12. a3 Nc5 13. Ba2 Bb7 14. Rfe1 b4 15.
axb4 Qxb4 16. Nb3 Nxb3 17. Bxb3 Bc6 18. Qg3 a5 19. Bh6 Nh5 20. Qh3 Nf6 21. Qg3
Nh5 22. Qh3 Nf6 1/2-1/2

[Event "Landsturneringen 2009, Elite"]
[Site "Bergen"]
[Date "2009.07.06"]
[Round "3"]
[White "Johannessen, Leif E"]
[Black "Djurhuus, Rune"]
[Result "1/2-1/2"]
[WhiteElo "2538"]
[BlackElo "2440"]
[PlyCount "94"]
[EventDate "2009.07.??"]
[EventType "swiss"]
[EventRounds "9"]
[EventCountry "NOR"]

1. d4 Nf6 2. c4 g6 3. Nc3 Bg7 4. e4 d6 5. f3 O-O 6. Bg5 h6 7. Be3 e5 8. Nge2 c6
9. Qd2 Kh7 10. d5 cxd5 11. cxd5 Nbd7 12. g4 Ne8 13. h4 a6 14. h5 g5 15. Nc1 Qc7
16. Nd3 Nc5 17. Rc1 Bd7 18. b4 Nxd3+ 19. Bxd3 Rc8 20. O-O Qb8 21. a4 b5 22.
axb5 axb5 23. Ra1 Rc7 24. Ra6 Rb7 25. Rfa1 Nf6 26. Ra7 Rxa7 27. Rxa7 Rc8 28.
Ra5 Rc7 29. Nxb5 Rb7 30. Ba7 Qd8 31. Kg2 Bf8 32. Na3 Bxg4 33. fxg4 Qd7 34. Bf2
Qxg4+ 35. Kf1 Qh3+ 36. Ke1 Qh1+ 37. Ke2 Nxh5 38. Qe1 Nf4+ 39. Kd2 Qxe1+ 40.
Bxe1 Rxb4 41. Nc2 Rb3 42. Bc4 Rh3 43. Ra8 Kg8 44. Ne3 Rh2+ 45. Kd1 Rh1 46. Kd2
Rh2+ 47. Kd1 Rh1 1/2-1/2

[Event "Landsturneringen 2009, Elite"]
[Site "Bergen"]
[Date "2009.07.06"]
[Round "3"]
[White "Urkedal, Frode Olav Olsen"]
[Black "Lie, Kjetil A"]
[Result "1/2-1/2"]
[WhiteElo "2317"]
[BlackElo "2527"]
[PlyCount "89"]
[EventDate "2009.07.??"]
[EventType "swiss"]
[EventRounds "9"]
[EventCountry "NOR"]

1. d4 Nf6 2. Nf3 e6 3. e3 c5 4. Bd3 b6 5. O-O Be7 6. e4 d5 7. exd5 exd5 8. Bb5+
Bd7 9. Bxd7+ Qxd7 10. Ne5 Qb7 11. Re1 O-O 12. Nc3 Re8 13. Bg5 Na6 14. Qf3 Rad8
15. Rad1 Nc7 16. Ng4 Ne4 17. Nxe4 dxe4 18. Rxe4 Ne6 19. Be3 Kh8 20. Ne5 Bf6 21.
Ng6+ fxg6 22. Rxe6 Qxf3 23. Rxe8+ Rxe8 24. gxf3 cxd4 25. Bxd4 Re2 26. Bxf6 gxf6
27. Rd8+ Kg7 28. Rd7+ Kh6 29. Rc7 a5 30. Rc6 Re1+ 31. Kg2 b5 32. Rc5 b4 33.
Rxa5 Rb1 34. a3 Rxb2 35. axb4 Rxb4 36. Ra1 Rc4 37. Rc1 Kg5 38. c3 Kf4 39. Rc2
h5 40. Rc1 h4 41. h3 f5 42. Rc2 g5 43. Rc1 g4 44. fxg4 fxg4 45. hxg4 1/2-1/2

[Event "Landsturneringen 2009, Elite"]
[Site "Bergen"]
[Date "2009.07.06"]
[Round "3"]
[White "Hjelmås, Lars"]
[Black "Gabrielsen, Stig"]
[Result "0-1"]
[WhiteElo "2246"]
[BlackElo "2298"]
[PlyCount "46"]
[EventDate "2009.07.??"]
[EventType "swiss"]
[EventRounds "9"]
[EventCountry "NOR"]

1. d4 Nf6 2. c4 e6 3. Nc3 Bb4 4. e3 c5 5. Bd3 Nc6 6. Nf3 d5 7. O-O O-O 8. a3
Bxc3 9. bxc3 Qc7 10. Bb2 Re8 11. Rc1 dxc4 12. Bxc4 e5 13. Ng5 Nd8 14. f4 exf4
15. Rxf4 h6 16. Nf3 Ng4 17. dxc5 Qxc5 18. Qd4 Qxd4 19. cxd4 g5 20. Bb5 Rxe3 21.
d5 gxf4 22. a4 a6 23. Bc4 Re8 0-1

[Event "Landsturneringen 2009, Elite"]
[Site "Bergen"]
[Date "2009.07.06"]
[Round "3"]
[White "Hole, Øystein"]
[Black "Forså, Espen"]
[Result "1/2-1/2"]
[WhiteElo "2374"]
[BlackElo "2285"]
[PlyCount "81"]
[EventDate "2009.07.??"]
[EventType "swiss"]
[EventRounds "9"]
[EventCountry "NOR"]

1. Nf3 c5 2. c4 Nc6 3. d4 cxd4 4. Nxd4 g6 5. e4 Bg7 6. Be3 Nf6 7. Nc3 Ng4 8.
Qxg4 Nxd4 9. Qd1 Nc6 10. Rc1 d6 11. Be2 Qa5 12. O-O O-O 13. Qd2 Be6 14. Rfd1
Rfc8 15. b3 Rab8 16. Nd5 Qxd2 17. Rxd2 b6 18. a3 f5 19. exf5 Bxf5 20. b4 Kf7
21. f4 Be4 22. Nc3 Bxc3 23. Rxc3 Rd8 24. Bf2 Rbc8 25. Bh4 Rc7 26. Re3 Bf5 27.
Bf3 Re8 28. Bd5+ Kg7 29. Bxc6 Rxc6 30. Rxe7+ Rxe7 31. Bxe7 Rxc4 32. Bxd6 Rc1+
33. Kf2 Rc2 34. Rxc2 Bxc2 35. Ke3 a5 36. b5 Ba4 37. Bc7 Bxb5 38. Bxb6 a4 39.
Kd4 Be2 40. Ke5 Kf7 41. Bc5 1/2-1/2

[Event "Landsturneringen 2009, Elite"]
[Site "Bergen"]
[Date "2009.07.06"]
[Round "3"]
[White "Gabrielsen, Trond"]
[Black "Grønn, Atle"]
[Result "0-1"]
[WhiteElo "2300"]
[BlackElo "2415"]
[PlyCount "90"]
[EventDate "2009.07.??"]
[EventType "swiss"]
[EventRounds "9"]
[EventCountry "NOR"]

1. e4 c5 2. Nf3 d6 3. d4 cxd4 4. Nxd4 Nf6 5. Nc3 Nc6 6. Bg5 Bd7 7. Qd2 Rc8 8.
Be2 a6 9. O-O e6 10. Rad1 Be7 11. Kh1 Nxd4 12. Qxd4 Qa5 13. f4 h6 14. Bxf6 gxf6
15. Bf3 Qc5 16. Qd2 Bc6 17. a3 h5 18. Qe1 h4 19. h3 Kf8 20. b4 Qb6 21. f5 Bb5
22. Nxb5 Qxb5 23. fxe6 fxe6 24. e5 dxe5 25. Qe4 Kg7 26. Rf2 f5 27. Qxb7 Qxb7
28. Bxb7 Rc7 29. Bxa6 Ra8 30. b5 Bxa3 31. b6 Rf7 32. b7 Rb8 33. c4 Bc5 34. Rb2
e4 35. Rb5 Rc7 36. Rxc5 Rxc5 37. Rd6 Kf6 38. Kg1 Ke5 39. Rd7 Rc6 40. Bb5 Rb6
41. Rh7 R6xb7 42. Rxh4 Rd8 43. Kf1 Rd2 44. Rh6 Ra7 45. Kg1 Rg7 0-1

[Event "Landsturneringen 2009, Elite"]
[Site "Bergen"]
[Date "2009.07.07"]
[Round "4"]
[White "Elsness, Frode"]
[Black "Agdestein, Simen"]
[Result "1-0"]
[WhiteElo "2438"]
[BlackElo "2542"]
[PlyCount "97"]
[EventDate "2009.07.??"]
[EventType "swiss"]
[EventRounds "9"]
[EventCountry "NOR"]

1. d4 f5 2. g3 Nf6 3. Bg2 e6 4. Nf3 d5 5. O-O Bd6 6. c4 c6 7. b3 Qe7 8. a4 a5
9. Ba3 b6 10. Ne5 O-O 11. Qc1 Bb7 12. Bxd6 Qxd6 13. Qa3 c5 14. Nc3 Ne4 15. Nxe4
dxe4 16. Rad1 Na6 17. e3 Rad8 18. f3 exf3 19. Bxf3 Bxf3 20. Nxf3 Nb4 21. Qb2
Nc6 22. Rd2 cxd4 23. exd4 Qb4 24. Re1 Rd6 25. Rde2 f4 26. g4 e5 27. d5 Nd4 28.
Nxd4 exd4 29. Qxd4 Rdf6 30. Re8 Qxb3 31. Rxf8+ Rxf8 32. d6 Qf3 33. Qd5+ Qxd5
34. cxd5 Kf7 35. Kf2 Rd8 36. Re6 g5 37. Kf3 Rd7 38. h4 gxh4 39. Kxf4 b5 40.
axb5 a4 41. Ke5 a3 42. Rf6+ Ke8 43. Rf3 Ra7 44. d7+ Rxd7 45. Rxa3 Re7+ 46. Kd6
Re4 47. b6 Rb4 48. Kc7 Rc4+ 49. Kb8 1-0

[Event "Landsturneringen 2009, Elite"]
[Site "Bergen"]
[Date "2009.07.07"]
[Round "4"]
[White "Moen, Andreas G.R"]
[Black "Østenstad, Berge"]
[Result "0-1"]
[WhiteElo "2297"]
[BlackElo "2476"]
[PlyCount "120"]
[EventDate "2009.07.??"]
[EventType "swiss"]
[EventRounds "9"]
[EventCountry "NOR"]

1. e4 c5 2. Nf3 e6 3. d4 cxd4 4. Nxd4 a6 5. Nc3 Qc7 6. Bd3 Nf6 7. f4 Bb4 8. O-O
Bc5 9. Nce2 d6 10. Kh1 b5 11. c3 Bb7 12. Qc2 Nbd7 13. a4 bxa4 14. Rxa4 O-O 15.
b4 Bb6 16. h3 Rfe8 17. Nb3 a5 18. bxa5 Bxa5 19. Rc4 Qb6 20. Rf3 d5 21. exd5
Bxd5 22. Be3 Qd8 23. Nxa5 Qxa5 24. Rg3 Bxc4 25. Bxc4 Rec8 26. Bb3 Rab8 27. Bd4
Qf5 28. Qxf5 exf5 29. Bc2 Re8 30. Ng1 g6 31. Bxf5 Ne4 32. Bxe4 Rxe4 33. f5 Ne5
34. fxg6 hxg6 35. Nf3 Rb1+ 36. Kh2 Nc4 37. Rg5 Re8 38. Rc5 Ne3 39. h4 Rb2 40.
Bxe3 Rxe3 41. Kh3 Rc2 42. c4 Rec3 43. h5 gxh5 44. Rg5+ Kf8 45. Rxh5 Rxc4 46.
Ra5 Rc6 47. Ra8+ Kg7 48. Ra7 Rh6+ 49. Nh4 Rc4 50. g3 Rf6 51. Ra5 Rc1 52. Rb5
Rh1+ 53. Kg4 Ra6 54. Rg5+ Kf8 55. Rb5 Kg7 56. Kg5 Rf1 57. Rc5 Re6 58. Ra5 Re5+
59. Rxe5 f6+ 60. Kg4 fxe5 0-1

[Event "Landsturneringen 2009, Elite"]
[Site "Bergen"]
[Date "2009.07.07"]
[Round "4"]
[White "Lie, Espen"]
[Black "Østmoe, Geir Sune Tallaksen"]
[Result "1-0"]
[WhiteElo "2469"]
[BlackElo "2383"]
[PlyCount "75"]
[EventDate "2009.07.??"]
[EventType "swiss"]
[EventRounds "9"]
[EventCountry "NOR"]

1. Nf3 Nf6 2. g3 d5 3. Bg2 e6 4. O-O Be7 5. d3 O-O 6. Nbd2 c5 7. e4 Nc6 8. Re1
Qc7 9. e5 Nd7 10. Qe2 b5 11. Nf1 a5 12. h4 Ba6 13. Bf4 b4 14. Ne3 a4 15. Ng5
Qa7 16. Qh5 Bxg5 17. hxg5 Ncxe5 18. Bxe5 Nxe5 19. Nxd5 exd5 20. Rxe5 Rae8 21.
Qe2 Qd7 22. Re1 Rxe5 23. Qxe5 Bb7 24. Qe7 Qb5 25. Re5 b3 26. axb3 axb3 27. c4
Qa6 28. Kh2 h6 29. cxd5 hxg5 30. d6 Bxg2 31. Kxg2 Qa8+ 32. Kh2 f6 33. Qe6+ Kh7
34. Qf5+ Kh6 35. Re7 Qd8 36. f4 c4 37. Qh3+ Kg6 38. f5# 1-0

[Event "Landsturneringen 2009, Elite"]
[Site "Bergen"]
[Date "2009.07.07"]
[Round "4"]
[White "Hammer, Jon Ludvig"]
[Black "Johannessen, Leif E"]
[Result "1-0"]
[WhiteElo "2582"]
[BlackElo "2538"]
[PlyCount "55"]
[EventDate "2009.07.??"]
[EventType "swiss"]
[EventRounds "9"]
[EventCountry "NOR"]

1. d4 e6 2. c4 f5 3. g3 Nf6 4. Bg2 d5 5. Nh3 c6 6. O-O Bd6 7. Qc2 O-O 8. Bf4
Be7 9. Bd2 Ne4 10. Be1 Bf6 11. e3 b6 12. cxd5 exd5 13. Bb4 Re8 14. Nf4 Bb7 15.
Nd2 a5 16. Ba3 Na6 17. Nd3 Rc8 18. Rac1 c5 19. dxc5 Naxc5 20. Nxc5 bxc5 21.
Nxe4 fxe4 22. Bxc5 Ba6 23. Rfd1 Bc4 24. b3 Rxc5 25. bxc4 Rxc4 26. Qxc4 dxc4 27.
Rxd8 Rxd8 28. Rxc4 1-0

[Event "Landsturneringen 2009, Elite"]
[Site "Bergen"]
[Date "2009.07.07"]
[Round "4"]
[White "Stokke, Kjetil"]
[Black "Djurhuus, Rune"]
[Result "1/2-1/2"]
[WhiteElo "2323"]
[BlackElo "2440"]
[PlyCount "168"]
[EventDate "2009.07.??"]
[EventType "swiss"]
[EventRounds "9"]
[EventCountry "NOR"]

1. d4 Nf6 2. c4 c5 3. d5 b5 4. cxb5 a6 5. bxa6 g6 6. Nc3 Bxa6 7. e4 Bxf1 8.
Kxf1 d6 9. Nf3 Bg7 10. g3 O-O 11. Kg2 Nbd7 12. Re1 Qa5 13. e5 dxe5 14. Nxe5
Nxe5 15. Rxe5 Ra7 16. Qe2 Qd8 17. Be3 Qd6 18. Bf4 Rb7 19. Re1 Re8 20. a4 Qd7
21. Bg5 h6 22. Bc1 Ng4 23. Re4 Nf6 24. Re5 Nh7 25. Re4 Ng5 26. Bxg5 hxg5 27.
Qd2 Bf6 28. d6 Reb8 29. Nb5 exd6 30. Qd5 Be5 31. b3 Kg7 32. Rd1 Rh8 33. Kg1
Rxb5 34. axb5 Qxb5 35. b4 Rc8 36. Rc4 Qb6 37. Rdc1 Bb2 38. bxc5 Rxc5 39. Rxc5
dxc5 40. Rxc5 Bf6 41. Rb5 Qd8 42. Qxd8 Bxd8 43. Kg2 g4 44. Kf1 f5 45. Ke2 Bf6
46. Kd3 Ba1 47. Kc4 Kf7 48. Ra5 Bb2 49. Ra2 Be5 50. Kd5 Bc3 51. Kd6 Bd4 52. Kd7
Bc3 53. Kd6 Bd4 54. Kd5 Bc3 55. Ra3 Bb2 56. Rb3 Ba1 57. f3 gxf3 58. Rxf3 Bf6
59. h4 Bd8 60. Rc3 Ba5 61. Ra3 Be1 62. Ke5 Kg7 63. Rd3 Kh6 64. Kf4 Bb4 65. Rd7
Ba3 66. Rd1 Kh5 67. Kf3 Kh6 68. Ke3 Kh5 69. Kf4 Bb2 70. Rd6 Bc1+ 71. Kf3 Ba3
72. Rc6 Bb4 73. Rc7 Kh6 74. Rd7 Ba3 75. Rb7 Bd6 76. Rb6 Bc7 77. Rc6 Ba5 78. Ra6
Bd2 79. Re6 Bc1 80. Re5 Bd2 81. h5 Kxh5 82. g4+ Kg5 83. Rxf5+ gxf5 84. gxf5
Kxf5 1/2-1/2

[Event "Landsturneringen 2009, Elite"]
[Site "Bergen"]
[Date "2009.07.07"]
[Round "4"]
[White "Thomassen, Joachim"]
[Black "Lie, Kjetil A"]
[Result "0-1"]
[WhiteElo "2307"]
[BlackElo "2527"]
[PlyCount "84"]
[EventDate "2009.07.??"]
[EventType "swiss"]
[EventRounds "9"]
[EventCountry "NOR"]

1. e4 c5 2. Nf3 e6 3. d4 cxd4 4. Nxd4 a6 5. Nc3 Qc7 6. Be2 Nf6 7. O-O Bc5 8.
Nb3 Be7 9. Be3 d6 10. a4 Nbd7 11. a5 O-O 12. f3 Rd8 13. Na4 Nc5 14. Nb6 Rb8 15.
Nxc5 dxc5 16. Qe1 Bd7 17. Qf2 Bb5 18. Bxb5 axb5 19. c4 Nd7 20. Nxd7 Qxd7 21.
Bxc5 bxc4 22. Bb6 Qb5 23. Kh1 Rd3 24. Rac1 Rc8 25. Rc2 Rc6 26. Rfc1 h6 27. Qe2
Bg5 28. Rf1 Bf4 29. Ra1 Rcd6 30. Bg1 Bd2 31. Rd1 Bxa5 32. Rdc1 Bd2 33. e5 R6d5
34. Rd1 Rxe5 35. Qf1 Be3 36. Rxc4 Rxd1 37. Rc8+ Kh7 38. Qxd1 Bxg1 39. Qb1+ f5
40. Kxg1 Re2 41. b4 Qd7 42. Rc2 Qd3 0-1

[Event "Landsturneringen 2009, Elite"]
[Site "Bergen"]
[Date "2009.07.07"]
[Round "4"]
[White "Bae, Torstein"]
[Black "Gullaksen, Eirik"]
[Result "1-0"]
[WhiteElo "2402"]
[BlackElo "2382"]
[PlyCount "113"]
[EventDate "2009.07.??"]
[EventType "swiss"]
[EventRounds "9"]
[EventCountry "NOR"]

1. e4 Nc6 2. Nf3 e5 3. Bb5 a6 4. Ba4 Nf6 5. O-O b5 6. Bb3 Bc5 7. c3 d6 8. d4
Bb6 9. a4 Rb8 10. Na3 O-O 11. axb5 axb5 12. Nxb5 Bg4 13. Be3 exd4 14. cxd4 Re8
15. Ba4 Bd7 16. Nc3 h6 17. Qd3 Ne7 18. Bb3 Qc8 19. Nh4 Nc6 20. Rfe1 Nxd4 21.
Bxd4 Bxd4 22. Bxf7+ Kxf7 23. Qxd4 Rxb2 24. Nd5 Rb5 25. Nxf6 gxf6 26. Nf5 Kg6
27. Qd3 Kh7 28. Rac1 Qd8 29. Re3 Ree5 30. Ng3 Kg7 31. f4 Rec5 32. Rxc5 Rxc5 33.
e5 Bb5 34. Nh5+ Kh8 35. Qg6 Rc1+ 36. Kf2 Rf1+ 37. Kg3 Qg8 38. Qxg8+ Kxg8 39.
Nxf6+ Kf7 40. Nd5 dxe5 41. fxe5 c6 42. Nf4 Ra1 43. Kg4 c5 44. Kf5 Rf1 45. e6+
Ke7 46. Ke5 Bc6 47. Ng6+ Kd8 48. Nf4 Ke7 49. g3 Rh1 50. Ng6+ Kd8 51. h4 Rf1 52.
Kd6 Be8 53. Nf4 c4 54. Nd5 Ra1 55. e7+ Kc8 56. Nf6 Ra6+ 57. Ke5 1-0

[Event "Landsturneringen 2009, Elite"]
[Site "Bergen"]
[Date "2009.07.07"]
[Round "4"]
[White "Hansen, Torbjørn R"]
[Black "Løvik, Lasse Østebø"]
[Result "1/2-1/2"]
[WhiteElo "2425"]
[BlackElo "2349"]
[PlyCount "85"]
[EventDate "2009.07.??"]
[EventType "swiss"]
[EventRounds "9"]
[EventCountry "NOR"]

1. e4 e5 2. Nf3 Nf6 3. d4 Nxe4 4. Bd3 d5 5. Nxe5 Nd7 6. Nxd7 Bxd7 7. O-O Bd6 8.
Nc3 Qh4 9. g3 Nxc3 10. bxc3 Qg4 11. Re1+ Kd8 12. Be2 Qf5 13. Rb1 b6 14. Bd3 Qg4
15. Be2 Qf5 16. Be3 Re8 17. Bd3 Qg4 18. Qd2 h6 19. Be2 Qf5 20. Bf1 Be6 21. Bg2
Ke7 22. c4 Kf8 23. c5 Be7 24. Bf1 Red8 25. Bd3 Qh5 26. Bf4 bxc5 27. dxc5 Bxc5
28. Bxc7 Rd7 29. Bf4 Qf3 30. Rb3 Qg4 31. Bb5 Re7 32. Be2 Qg6 33. Qa5 Rc8 34.
Rc3 Bb6 35. Rxc8+ Bxc8 36. Qa3 Qf6 37. Bd3 Be6 38. Rf1 Kg8 39. Be5 Qg5 40. Bf4
Qf6 41. Be5 Qg5 42. Bf4 Qf6 43. Be5 1/2-1/2

[Event "Landsturneringen 2009, Elite"]
[Site "Bergen"]
[Date "2009.07.07"]
[Round "4"]
[White "Forså, Espen"]
[Black "Urkedal, Frode Olav Olsen"]
[Result "1-0"]
[WhiteElo "2285"]
[BlackElo "2317"]
[PlyCount "117"]
[EventDate "2009.07.??"]
[EventType "swiss"]
[EventRounds "9"]
[EventCountry "NOR"]

1. e4 c5 2. Nf3 d6 3. d4 cxd4 4. Nxd4 Nf6 5. Nc3 a6 6. Be3 e6 7. g4 h6 8. Bg2
Be7 9. h3 Qc7 10. Qe2 Bd7 11. f4 Nc6 12. O-O-O Nxd4 13. Bxd4 e5 14. Be3 Be6 15.
f5 Bc4 16. Qd2 Rc8 17. Kb1 Qa5 18. a3 Qc7 19. Bf3 b5 20. Rc1 O-O 21. Bxh6 gxh6
22. Qxh6 Nh7 23. g5 Bxg5 24. Rcg1 f6 25. h4 Qg7 26. hxg5 Nxg5 27. Rxg5 fxg5 28.
Qxd6 Rf6 29. Qxe5 Rh6 30. Qg3 Rxh1+ 31. Bxh1 Qh6 32. Bf3 Qh4 33. Qd6 Qe1+ 34.
Bd1 Bf7 35. e5 Re8 36. e6 Bxe6 37. fxe6 Qxe6 38. Qd4 Qe5 39. Qd3 Re6 40. Bf3
Rd6 41. Bd5+ Kg7 42. Qf3 Rf6 43. Qg4 Rd6 44. Qc8 Kh6 45. Be4 Qf6 46. Nd5 Qf1+
47. Ka2 Qc4+ 48. Qxc4 bxc4 49. b3 cxb3+ 50. Kxb3 g4 51. Kc4 Kg5 52. Kd4 g3 53.
c4 Re6 54. c5 a5 55. Ne3 Kf6 56. c6 Rd6+ 57. Kc5 Re6 58. c7 Rxe4 59. Nd5+ 1-0

[Event "Landsturneringen 2009, Elite"]
[Site "Bergen"]
[Date "2009.07.07"]
[Round "4"]
[White "Grønn, Atle"]
[Black "Hole, Øystein"]
[Result "1/2-1/2"]
[WhiteElo "2415"]
[BlackElo "2374"]
[PlyCount "140"]
[EventDate "2009.07.??"]
[EventType "swiss"]
[EventRounds "9"]
[EventCountry "NOR"]

1. e4 c6 2. Nc3 d5 3. Nf3 Bg4 4. h3 Bxf3 5. Qxf3 Nf6 6. Be2 e6 7. O-O Nbd7 8.
d4 dxe4 9. Nxe4 Nxe4 10. Qxe4 Nf6 11. Qd3 Be7 12. c4 O-O 13. Be3 Qc7 14. Rfd1
Rfd8 15. Bf3 Rd7 16. Rd2 Rad8 17. Qb3 e5 18. Rad1 exd4 19. Rxd4 Rxd4 20. Rxd4
Rxd4 21. Bxd4 a6 22. Qe3 h6 23. g3 Qd8 24. Be5 Bd6 25. Bc3 Qe7 26. Qd2 Be5 27.
Qe3 Bd6 28. Qd2 Be5 29. Qe2 Bd6 30. Qxe7 Bxe7 31. b4 Kf8 32. a4 Ke8 33. b5 Kd7
34. bxc6+ bxc6 35. Kf1 Bc5 36. Ke2 Kd6 37. Bg2 Ne8 38. f4 f6 39. g4 Kc7 40. Kd3
g5 41. fxg5 hxg5 42. Be4 Be7 43. Ba5+ Kb7 44. Bg6 Nc7 45. Bf7 Na8 46. Ke4 Nb6
47. Kf5 Nxa4 48. Ke6 Bc5 49. Kxf6 Be3 50. Kf5 Nb6 51. Be1 Nc8 52. Ke6 Nb6 53.
Ke7 Nc8+ 54. Kd7 Nb6+ 55. Ke7 Nc8+ 56. Kd7 Nb6+ 57. Kd8 Nc8 58. h4 Nd6 59. Ke7
Nxf7 60. Kxf7 gxh4 61. Bxh4 Kb6 62. Be7 a5 63. Ke6 a4 64. Ba3 Bc5 65. Bc1 a3
66. g5 a2 67. Bb2 Ka5 68. g6 Bf8 69. Kd7 Kb4 70. Kxc6 Kxc4 1/2-1/2

[Event "Landsturneringen 2009, Elite"]
[Site "Bergen"]
[Date "2009.07.07"]
[Round "4"]
[White "Hjelmås, Lars"]
[Black "Gabrielsen, Trond"]
[Result "0-1"]
[WhiteElo "2246"]
[BlackElo "2300"]
[PlyCount "62"]
[EventDate "2009.07.??"]
[EventType "swiss"]
[EventRounds "9"]
[EventCountry "NOR"]

1. d4 Nf6 2. c4 e6 3. Nc3 Bb4 4. e3 b6 5. Bd3 Bb7 6. Nf3 O-O 7. O-O d5 8. cxd5
exd5 9. Ne5 Bd6 10. f4 c5 11. Rf3 h6 12. g4 Nc6 13. g5 hxg5 14. Rh3 gxf4 15.
Nxd5 g6 16. Nxg6 fxg6 17. Bxg6 Qd7 18. Nxf6+ Rxf6 19. Qb3+ Qe6 20. Qxe6+ Rxe6
21. Bh7+ Kg7 22. d5 Re5 23. dxc6 Bc8 24. Rh4 Be7 25. Rxf4 Kxh7 26. Bd2 Be6 27.
Bc3 Rg8+ 28. Kf2 Rh5 29. Rh1 Bg5 30. Rf3 Bh4+ 31. Kf1 Bc4# 0-1

[Event "Landsturneringen 2009, Elite"]
[Site "Bergen"]
[Date "2009.07.08"]
[Round "5"]
[White "Østenstad, Berge"]
[Black "Elsness, Frode"]
[Result "1/2-1/2"]
[WhiteElo "2476"]
[BlackElo "2438"]
[PlyCount "85"]
[EventDate "2009.07.??"]
[EventType "swiss"]
[EventRounds "9"]
[EventCountry "NOR"]

1. d4 Nf6 2. c4 g6 3. Nc3 d5 4. cxd5 Nxd5 5. Bd2 Bg7 6. e4 Nb6 7. Be3 O-O 8.
Bb5 c6 9. Be2 Be6 10. Nf3 Nc4 11. Bc1 b5 12. O-O Bg4 13. e5 Nd7 14. h3 Bxf3 15.
Bxf3 Rc8 16. Qe2 c5 17. e6 fxe6 18. Nxb5 cxd4 19. Qxe6+ Kh8 20. Bg5 Nde5 21.
Bd5 Qb6 22. Qxb6 Nxb6 23. Be6 Rc2 24. Nxd4 Rxb2 25. Rab1 Rfxf2 26. Rxb2 Rxb2
27. Bxe7 Nec4 28. Bf6 Rxa2 29. Bxg7+ Kxg7 30. Rf7+ Kh6 31. h4 Ra1+ 32. Kh2 Ne5
33. Rc7 Rd1 34. Ne2 g5 35. hxg5+ Kxg5 36. Rxa7 Rd6 37. Bh3 Kh6 38. Ng3 Rd2 39.
Nf5+ Kg5 40. Rg7+ Kf6 41. Rxh7 Nd5 42. Nd6 Re2 43. Rh6+ 1/2-1/2

[Event "Landsturneringen 2009, Elite"]
[Site "Bergen"]
[Date "2009.07.08"]
[Round "5"]
[White "Lie, Kjetil A"]
[Black "Lie, Espen"]
[Result "1-0"]
[WhiteElo "2527"]
[BlackElo "2469"]
[PlyCount "141"]
[EventDate "2009.07.??"]
[EventType "swiss"]
[EventRounds "9"]
[EventCountry "NOR"]

1. d4 d5 2. c4 e6 3. Nc3 c6 4. Nf3 f5 5. Bf4 Bd6 6. e3 Nf6 7. Bd3 O-O 8. Qc2
Ne4 9. O-O Qe7 10. a3 Nd7 11. Ne2 Ndf6 12. c5 Bb8 13. b4 Ng4 14. h3 e5 15. Bxe5
Nxe5 16. Nxe5 Bxe5 17. dxe5 Qxe5 18. f4 Qe7 19. Bxe4 Qxe4 20. Qxe4 dxe4 21. Nd4
Rd8 22. b5 cxb5 23. Nxb5 Rd3 24. Rad1 Bd7 25. Rxd3 exd3 26. Nd6 Ba4 27. Rf2 Rd8
28. Rd2 b6 29. Rxd3 bxc5 30. Kf2 Bc6 31. Rd2 g6 32. g4 fxg4 33. hxg4 Rb8 34.
Rc2 Rd8 35. Rd2 Rb8 36. Nc4 Rc8 37. g5 h6 38. Rd6 Kh7 39. Ne5 Be8 40. Re6 hxg5
41. fxg5 c4 42. Nxc4 Rxc4 43. Rxe8 Ra4 44. Kf3 Rxa3 45. Kf4 Ra5 46. e4 Kg7 47.
Re7+ Kf8 48. Rd7 Kg8 49. e5 Ra4+ 50. Kf3 Kf8 51. Rd6 Kf7 52. Rf6+ Ke7 53. Rxg6
Ra1 54. Rf6 a5 55. Kg4 a4 56. Kf5 a3 57. Ra6 Rf1+ 58. Kg6 Rf3 59. Kg7 Re3 60.
g6 Rg3 61. Kh7 Rh3+ 62. Kg8 Rg3 63. g7 Rh3 64. Ra7+ Ke6 65. Kf8 Rf3+ 66. Ke8
Rg3 67. Ra6+ Kxe5 68. Kf7 Rf3+ 69. Kg6 Rg3+ 70. Kh7 Rh3+ 71. Rh6 1-0

[Event "Landsturneringen 2009, Elite"]
[Site "Bergen"]
[Date "2009.07.08"]
[Round "5"]
[White "Østmoe, Geir Sune Tallaksen"]
[Black "Gabrielsen, Stig"]
[Result "1/2-1/2"]
[WhiteElo "2383"]
[BlackElo "2298"]
[PlyCount "70"]
[EventDate "2009.07.??"]
[EventType "swiss"]
[EventRounds "9"]
[EventCountry "NOR"]

1. Nf3 c5 2. c4 Nf6 3. Nc3 b6 4. g3 Bb7 5. Bg2 e6 6. O-O a6 7. Re1 Be7 8. e4 d6
9. d4 cxd4 10. Nxd4 Qc7 11. Be3 O-O 12. Rc1 Nbd7 13. f4 Rfe8 14. g4 Nc5 15. Bf2
g6 16. b4 Ncd7 17. Bf3 e5 18. g5 exd4 19. gxf6 dxc3 20. fxe7 Rxe7 21. Rxc3 a5
22. a3 axb4 23. axb4 Rae8 24. Qd4 f6 25. Rce3 g5 26. Bg3 gxf4 27. Bxf4 Ne5 28.
Bd1 Rg7+ 29. Rg3 f5 30. exf5 Qc6 31. Qd5+ Qxd5 32. cxd5 Nf3+ 33. Bxf3 Rxe1+ 34.
Kf2 Rb1 35. Bxd6 Rxg3 1/2-1/2

[Event "Landsturneringen 2009, Elite"]
[Site "Bergen"]
[Date "2009.07.08"]
[Round "5"]
[White "Hansen, Torbjørn R"]
[Black "Moen, Andreas G.R"]
[Result "1/2-1/2"]
[WhiteElo "2425"]
[BlackElo "2297"]
[PlyCount "22"]
[EventDate "2009.07.??"]
[EventType "swiss"]
[EventRounds "9"]
[EventCountry "NOR"]

1. e4 e5 2. Nf3 Nf6 3. d4 Nxe4 4. Bd3 Nc6 5. Bxe4 d5 6. Bg5 Qd7 7. Bd3 e4 8.
O-O f6 9. Bb5 exf3 10. Re1+ Kf7 11. Bxc6 bxc6 1/2-1/2

[Event "Landsturneringen 2009, Elite"]
[Site "Bergen"]
[Date "2009.07.08"]
[Round "5"]
[White "Hole, Øystein"]
[Black "Thomassen, Joachim"]
[Result "1/2-1/2"]
[WhiteElo "2374"]
[BlackElo "2307"]
[PlyCount "44"]
[EventDate "2009.07.??"]
[EventType "swiss"]
[EventRounds "9"]
[EventCountry "NOR"]

1. Nf3 d5 2. d4 e6 3. c4 c6 4. Qc2 dxc4 5. Qxc4 Nf6 6. Bg5 b5 7. Qc2 Bb7 8. e4
Nbd7 9. Nbd2 Qb6 10. Bd3 c5 11. d5 c4 12. dxe6 fxe6 13. Be2 Bc5 14. O-O O-O 15.
b3 cxb3 16. Qxb3 Nxe4 17. Nxe4 Bxe4 18. Qxb5 Qxb5 19. Bxb5 Bxf3 20. Bxd7 Be2
21. Bxe6+ Kh8 22. Rfc1 Bxf2+ 1/2-1/2

[Event "Landsturneringen 2009, Elite"]
[Site "Bergen"]
[Date "2009.07.08"]
[Round "5"]
[White "Johannessen, Leif E"]
[Black "Grønn, Atle"]
[Result "1-0"]
[WhiteElo "2538"]
[BlackElo "2415"]
[PlyCount "85"]
[EventDate "2009.07.??"]
[EventType "swiss"]
[EventRounds "9"]
[EventCountry "NOR"]

1. d4 d6 2. Nf3 g6 3. c4 Bg7 4. Nc3 e5 5. g3 Nc6 6. dxe5 Nxe5 7. Nxe5 Bxe5 8.
Bg2 Ne7 9. O-O O-O 10. Bh6 Re8 11. Qd2 Nf5 12. Bf4 c6 13. Rad1 Qe7 14. e4 Nd4
15. Be3 Ne6 16. f4 Bxc3 17. Qxc3 Nc5 18. Rde1 Qf8 19. Qd4 Ne6 20. Qf6 Qg7 21.
Qxg7+ Nxg7 22. c5 dxc5 23. Bxc5 b6 24. Bd6 Ba6 25. Rf2 Red8 26. e5 Nf5 27. Ba3
Rac8 28. g4 Nd4 29. Be7 Rd7 30. Bf6 Bc4 31. b3 Bd5 32. h4 h5 33. gxh5 Bxg2 34.
Kxg2 gxh5 35. f5 Rd5 36. Kh3 Kh7 37. Rg1 Kh6 38. Rg5 Rc5 39. Bg7+ Kh7 40. f6
Rc3+ 41. Kg2 Rc2 42. Rxh5+ Kg6 43. Rh6# 1-0